18 rokiv po kodifikaciji rusyn'skoho jazŷka striča akteriv kodifikaciji pered odkrŷt'om pamjatnoj tablŷ

Bibliographic Details
Main Author: Kuzmiaková, Anna, 1949- (Author)
Other Authors: Wietoszewová, Alica, 1971- (Photographer), Lipinská, Beáta (Photographer)
Format: Article
Language:Ukrainian
PhysicalDescription:Fotogr.
Subjects:
Online Access:www.rusyn.sk

MARC

LEADER 00000cab a2200000 a 4500
001 vtls010499863
003 SK-MaSNL
005 20260318124009.0
008 130327c2013 xo er p 000 c0ukr
015 |a SNBRB2013/03 
038 |a SVKPOCL 
040 |a SVKPOCL  |b slo  |c SVKPOCL  |e AACR2 
041 0 |a ukr 
044 |a xo  |c SK 
080 |a 80(=16)+908(4)  |2 2001 
080 |a 316.022.4(=161.25)(437.6)  |2 2001 
080 |a 811.161.25  |2 2001 
080 |a 81'271.12  |2 2001 
080 |a 730.027  |2 2001 
100 1 |a Kuzmiaková, Anna,  |d 1949-  |4 aut  |9 210981 
245 1 0 |a 18 rokiv po kodifikaciji rusyn'skoho jazŷka  |b striča akteriv kodifikaciji pered odkrŷt'om pamjatnoj tablŷ  |c A. Kuznjakova ; foto A. Vjetoševova, Beata Lypin'ska 
246 3 |a Osemnásť rokov po kodifikácii rusínskeho jazyka  |b stretnutie aktérov kodifikácie pred othalením pamätnej tabule 
246 3 |a Visimnadcjat' rokiv po kodifikaciji rusyn'skoho jazŷka  |b striča akteriv kodifikaciji pered odkrŷt'om pamjatnoj tablŷ 
300 |b Fotogr. 
500 |a Vjetoševova, A. pozri Wietoszewová, Alica 
610 2 7 |a Prešovská univerzita v Prešove.  |b Inštitút rusinskeho jazyka a kultúry  |2 svkpocl  |9 53839 
648 7 |a 4.2.2013  |2 svkpocl  |9 1096935 
648 7 |a 27.1.1995  |2 svkpocl  |9 1028918 
648 7 |a 28.2.2013  |2 svkpocl  |9 1097574 
650 0 7 |a Rusíni  |z Slovensko  |2 svkpocl  |9 336690 
650 0 7 |a rusínčina  |2 svkpocl  |9 51510 
650 0 7 |a slavistika  |2 svkpocl  |9 4282 
650 0 7 |a kodifikácia jazyka  |2 svkpocl  |9 87585 
650 0 7 |a pamätné tabule  |2 svkpocl  |9 29445 
651 7 |a Prešov (Slovensko)  |2 svkpocl  |9 17347 
651 7 |a Slovensko  |2 svkpocl  |9 14231 
651 7 |a Bratislava (Slovensko)  |2 svkpocl  |9 14568 
655 7 |a stretnutia  |2 svkpocl  |9 1066371 
700 1 |a Wietoszewová, Alica,  |d 1971-  |4 pht  |9 1324525 
700 1 |a Lipinská, Beáta  |4 pht  |9 1316862 
773 0 |t Info Rusyn  |g Roč. X, č. 2 (2013), s. 1 a 2 
852 |a SVKPO  |b KIS3GCP 
856 4 1 |u www.rusyn.sk 
958 |a RN 
958 |a SK 
999 |c 2672939  |d 2674869